00357 a2200133 450000500170000002000220001708200130003910000140005224500310006625000130009726000480011030000530015870000120021120250625100851.0 a978-0-618-46770-9 a371.8ELL aELLIS. D. aBecoming a Master Student, a11th Ed. aNew York,bHoughton Mifflin Company,c2004. axiii, 414p, ill,; figure, picturebIndexc27.5cm aTOFT.D.